| 000 | 00941cam a22003134i 4500 | ||
|---|---|---|---|
| 999 |
_c7780 _d7780 |
||
| 001 | 991029588959706706 | ||
| 003 | OSt | ||
| 005 | 20230926135556.0 | ||
| 008 | 110131s2010 spc|||||| 000 0|cat| | ||
| 015 |
_aLL2011 _2bnc |
||
| 017 |
_aDL B. 39447-2010 _bBiblioteca de Catalunya |
||
| 020 | _a9788499301990 | ||
| 035 | _a(ES-BaCBU).b47932387 | ||
| 040 |
_aES-BaBC _bcat _erda _cCDMR |
||
| 080 | _a849.9-3"19" | ||
| 080 | _a914.702.3 | ||
| 100 | 1 |
_aRoig, Montserrat _92620 |
|
| 245 | 1 | 2 |
_aL'agulla daurada / _cMontserrat Roig |
| 264 | 1 |
_aBarcelona : _bEdicions 62, _c2010 |
|
| 300 |
_a235 pàgines ; _c18 cm |
||
| 490 | 1 | _aLabutxaca. Crónica | |
| 600 | 1 | 0 |
_aRoig, Montserrat _92620 |
| 651 | 7 |
_aSant Petersburg (Rússia) _xDescripcions i viatges _2lemac |
|
| 830 | 0 |
_aLabutxaca. _pCrónica |
|
| 907 |
_a.b47932387 _b17-02-21 _c31-01-11 _d31-01-11 _em _fa _g- _hcat _ispc _j0 _k0 |
||
| 908 |
_aBC _aBAB |
||
| 940 | _aBC | ||
| 942 |
_2udc _cMON |
||